| 000 | 00463cam a22001457a 4500 | ||
|---|---|---|---|
| 008 | 180718b1986 xxu||||| |||| 00| 0 eng d | ||
| 082 | _aAPPPA 85-86 RAY | ||
| 100 | _aRay, Pranab | ||
| 245 |
_aTraining and visit system of agricultural extension: a comparative study _cby Pranab Ray |
||
| 260 |
_aNew Delhi _bIndian Institute of Public Administration _c1986 |
||
| 300 | _a120p. | ||
| 650 | _aAgricultural extension | ||
| 650 | _aVisit system | ||
| 650 | _aTraining | ||
| 999 |
_c501393 _d501393 |
||